header

Cortisol (Record no. 76878)

MARC details
000 -LEADER
fixed length control field 01323nam a2200337Ia 4500
245 00 - TITLE STATEMENT
Title Cortisol
260 ## - PUBLICATION, DISTRIBUTION, ETC. (IMPRINT)
Place of publication New York :
Name of publisher Nova Science Publishers,
Year of publication c2012.
300 ## - PHYSICAL DESCRIPTION
Number of Pages xi, 162 p. :
Other physical details ill.
490 1# - SERIES STATEMENT
Series statement Human anatomy and physiology
650 #0 - SUBJECT ADDED ENTRY--TOPICAL TERM
Topical Term Hydrocortisone.
Topical Term Cortisone.
700 1# - ADDED ENTRY--PERSONAL NAME
Personal name Bianchi, Vito,
Personal name Esposito, Alonzo.
856 40 - ELECTRONIC LOCATION AND ACCESS
Uniform Resource Identifier http://site.ebrary.com/lib/rucke/Doc?id=10654770

No items available.

© 2026 Rongo University
Contact us: librarian | system librarian | Rongo university